000 00401cam a22001097a 4500
008 180718b1959 xxu||||| |||| 00| 0 eng d
082 _aXA218x42 Un3
245 _aCaravans as homes : a report
_cby Ministry of Housing and Local Government, United Kingdom
260 _aLondon
_bHer Majesty's Stationery Office
_c1959
300 _a82+p.
700 _aUnited Kingdom. Ministry of Housing and Local Government
999 _c425436
_d425436